Historia de la filosofía: De San Agustín a Escoto
Kaydedildi:
| Yazar: | |
|---|---|
| Materyal Türü: | Kitap |
| Dil: | Spanish |
| Baskı/Yayın Bilgisi: |
Barcelona, España
Editorial Ariel
1989
|
| Edisyon: | 2 |
| Konular: | |
| Etiketler: |
Etiketle
Etiket eklenmemiş, İlk siz ekleyin!
|
MARC
| LEADER | 00000nam a2200000Ia 4500 | ||
|---|---|---|---|
| 008 | 170316s9999 xx 000 0 spa d | ||
| 040 | |a cru BVZT | ||
| 090 | |a H-100 C-2h v.2 | ||
| 100 | |a Copleston, Frederick | ||
| 245 | |a Historia de la filosofía: De San Agustín a Escoto |c Frederick Copleston | ||
| 250 | |a 2 | ||
| 260 | |a Barcelona, España | ||
| 260 | |b Editorial Ariel | ||
| 260 | |c 1989 | ||
| 300 | |a 582 páginas. Vol. 2 | ||
| 650 | |a FILOSOFÍA |9 5 | ||
| 650 | |a PERÍODO PATRÍSTICO | ||
| 650 | |a SAN AGUSTIN - LA FILOSOFÍA | ||
| 650 | |a SAN AGUSTIN - EL CONOCIMIENTO | ||
| 650 | |a SAN AGUSTIN - DIOS | ||
| 650 | |a SAN AGUSTIN - EL MUNDO | ||
| 650 | |a SAN AGUSTIN - TEORÍA MORAL | ||
| 650 | |a SAN AGUSTIN - EL ESTADO | ||
| 650 | |a PSEUDO-DIONISIO | ||
| 650 | |a BOECIO - CASIODORO - SAN ISIDORO | ||
| 650 | |a EL RENACIMIENTO CAROLINGIO | ||
| 650 | |a FILOSOFÍA ISLAMICA - JUDÍA | ||
| 650 | |a SIGLOS X | ||
| 999 | |c 28880 |d 28880 | ||
| 942 | |c SALA |h H-100 C-2h v.2 |2 z | ||
